000 00668nam0a22002171 4500
001 RU\NLR\BIBL_A\022761438
005 20260322051709.0
035 _a(NLR Aleph) 022761438
090 _a13642111
_c13642111
100 _a20260320d1985 u y0rusy50 ca
101 0 _arus
_crom
102 _aRU
105 _ay z|||000zy
200 1 _aСКАЗКИ И ПЕСНИ РОЖДЕННЫЕ В ДОРОГЕ
_eЦЫГАНСКИЙ ФОЛЬКЛОР
_gСост. и пер. Е Друц
210 _aМ.
_cНаука
_d1985
215 _a520 с.
852 _aNLR
_bОЛСАА-сл-спр
_j2-2761
942 _cBOOK
980 1 _aSL_SPR
980 _aNB